000 00343nam a2200109Ia 4500
008 160909s9999 xx 000 0 und d
100 _aKelly, Patrice M.
245 _aHarvesting sketches from a community of gardeners
260 _bDrew University.
_c2016
650 _aFOOD
856 _uhttp://pqdtopen.proquest.com/doc/1793406817.html?FMT=ABS
999 _c304001
_d304001